| 000 | 00572nam a2200229 a 4500 | ||
|---|---|---|---|
| 003 | AR-BaBNM | ||
| 005 | 20251128210737.0 | ||
| 008 | 082120s2002 ||||||||||||||000 | spa|| | ||
| 020 | _a987-43-0820-6 | ||
| 040 | _cAR-BaBNM | ||
| 100 | 1 | _aCantero de Makuch, María del Carmen | |
| 245 | 0 | 0 |
_aMis versos para vos... _bpoesías |
| 250 | _a1ª ed. | ||
| 260 |
_aFormosa _bLa autora _c1999 |
||
| 300 | _a99 p. | ||
| 650 | 4 | _aLITERATURA ARGENTINA | |
| 650 | 4 | _aLITERATURA CONTEMPORANEA | |
| 650 | 4 | _aPOESIA | |
| 655 | _aLITERATURA | ||
| 942 | _cBK | ||
| 998 | _cMARTIN | ||
| 999 |
_c16710 _d16710 |
||